| 000 | 00763nam a22001815i 4500 | ||
|---|---|---|---|
| 001 | 165054 | ||
| 003 | ES-MaACL | ||
| 005 | 20230906213046.0 | ||
| 008 | 050905s1860 fr | |||||||| ||fre d | ||
| 040 |
_aCAM _bspa _cCAM |
||
| 100 | 1 |
_aScribe, Eugène. _9104966 |
|
| 245 | 1 | 3 |
_aLa fille de trente ans _b: comédie en quatre actes, en prose / _cpar Eug. Scribe et Em. de Najac. |
| 260 |
_aParis : _bMichel Lévy Frères, libraires-éditeurs, _c1860 ( _eLagny : _ftypographie de A. Varigault et C.) |
||
| 300 |
_a89 p. ; _c19 cm. |
||
| 500 | _aReprésentée pour la première fois à Paris sur le théâtre du Vaudeville, le 15 dècembre 1859. | ||
| 700 | 1 |
_aNajac, Émile de. _9130384 |
|
| 852 |
_aES-MaACL _jF-8809(3) _z-- Enc. hol. _z-- Enc. en un vol. facticio |
||
| 999 |
_c165054 _d165054 |
||